| 000 | 00721nam a22002057a 4500 | ||
|---|---|---|---|
| 999 |
_c15157 _d15157 |
||
| 003 | OSt | ||
| 082 | _2631 587 RAM/GR | ||
| 088 | _aP 284 | ||
| 100 |
_aRAMLA T. T _93714 |
||
| 245 | _aGround water flow modelling of K.C.E.A.T campus using visual modflow | ||
| 260 |
_aTavanur 2014 _bDepartment of Irrigation and Drainage Engineering |
||
| 300 | _a59 | ||
| 500 | _aGround water flow modelling of K.C.E.A.T campus using visual modflow | ||
| 520 | _aGround water flow modelling of K.C.E.A.T campus using visual modflow | ||
| 700 |
_aSalsan K _93715 |
||
| 700 |
_aSaranya S _93716 |
||
| 700 |
_aDr. Sasikala D (Guide) _93514 |
||
| 856 | _uhttps://drive.google.com/open?id=1NYr-0nG-ATOW-rQxRHeKmKZu67O1wLKs | ||
| 942 | _cPR | ||